000 00715nam a2200205 a 4500
001 1734
003 CO-ViMGA
008 141112s2004 ck r 000 u spa d
040 _aCO-ViMGA
_bspa
_cCO-ViMGA
082 0 4 _a796.323 O548
100 1 _aOliviera Beltran, Javier
_950240
245 1 0 _a1250 Ejercicios y juegos en baloncesto
250 _a3a
260 _aBarcelona :
_bPaidotribo,
_c1996
300 _a3 VOL
490 _aDeporte
505 _aVOL.1, Bases teóricas y metodológicas. La iniciación VOL.2, Los fundamentos del juego y la evolución del jugador. Los tets VOL.3, La construcción de las fases del juego y el entrenamiento
650 1 4 _aBALONCESTO - ENTRENAMIENTO
_950241
942 _2ddc
_cBK
999 _c13910
_d13910